Valuing the environment : (Record no. 143609)

MARC details
000 -LEADER
fixed length control field 01040nam a2200265 a 4500
008 - FIXED-LENGTH DATA ELEMENTS--GENERAL INFORMATION
fixed length control field
020 ## - INTERNATIONAL STANDARD BOOK NUMBER
International Standard Book Number 0471961124
049 ## - LOCAL HOLDINGS (OCLC)
Holding library MAIN
090 ## - LOCALLY ASSIGNED LC-TYPE CALL NUMBER (OCLC); LOCAL CALL NUMBER (RLIN)
Classification number (OCLC) (R) ; Classification number, CALL (RLIN) (NR) HC79.E5
Local cutter number (OCLC) ; Book number/undivided call number, CALL (RLIN) VAL
003 - CONTROL NUMBER IDENTIFIER
control field
005 - DATE AND TIME OF LATEST TRANSACTION
control field 20230123133141.0
040 ## - CATALOGING SOURCE
Transcribing agency NUST
245 00 - TITLE STATEMENT
Title Valuing the environment :
Remainder of title economic approaches to environmental evaluation : proceedings of a workshop held at Ludgrove Hall, Middlesex Polytechnic, on 13 and 14 June 1990 /
Statement of responsibility, etc. edited by Annabel Coker and Cathy Richards.
260 ## - PUBLICATION, DISTRIBUTION, ETC.
Place of publication, distribution, etc. Chichester :
Name of publisher, distributor, etc. John Wiley & Sons,
Date of publication, distribution, etc. 1995.
300 ## - PHYSICAL DESCRIPTION
Extent xiii, 183 p. :
Other physical details ill. ;
Dimensions 23 cm.
504 ## - BIBLIOGRAPHY, ETC. NOTE
Bibliography, etc. note Includes bibliographical references.
500 ## - GENERAL NOTE
General note Includes index.
650 #0 - SUBJECT ADDED ENTRY--TOPICAL TERM
Topical term or geographic name entry element Environmental policy
General subdivision Costs
Form subdivision Congresses.
650 #0 - SUBJECT ADDED ENTRY--TOPICAL TERM
Topical term or geographic name entry element Environmental protection
General subdivision Costs
Form subdivision Congresses.
700 1# - ADDED ENTRY--PERSONAL NAME
Personal name Coker, Annabel.
700 1# - ADDED ENTRY--PERSONAL NAME
Personal name Richards, Cathy.
711 ## - ADDED ENTRY--MEETING NAME
Meeting name or jurisdiction name as entry element Workshop on valuing the environment
Date of meeting or treaty signing (1990 Jun. 13-14 :
Location of meeting Middlesex Polytechnic).
907 ## - LOCAL DATA ELEMENT G, LDG (RLIN)
a .b10023963
b 20-04-12
c 17-04-03
942 ## - ADDED ENTRY ELEMENTS (KOHA)
Koha item type Ordinary Loan Books
Call number prefix HC79.E5
Call number suffix VAL
Holdings
Date last seen Total Checkouts Full call number Barcode Cost, replacement price Price effective from Koha item type Lost status Source of classification or shelving scheme Damaged status Not for loan Collection Withdrawn status Home library Current library Shelving location Date acquired Cost, normal purchase price
01/23/2023 6 HC79.E5 VAL 92003002377 80.00 01/23/2023 BOOKS   LCC     NFIC   MAIN MAIN GEN 01/23/2023 80.00